000 00304nam a2200133 i 4500
001 bg
100 1 _aJASIŃSKI, Mieczysław
245 0 _aFizyka /
_cMieczysław Jasiński.
260 _aBydgoszcz,
_c1978.
040 _cBPK
041 _apol
942 _cKS
008 s pl f |000 0 pol
999 _c17924
_d17924
856 _uhttp://koha.tu.koszalin.pl/cgi-bin/koha/opac-detail.pl?biblionumber=17924
_yKatalog online BPK